Understanding communication and aging : (Record no. 5903)

MARC details
000 -LEADER
fixed length control field 00787nam a22002297a 4500
003 - CONTROL NUMBER IDENTIFIER
control field OSt
005 - DATE AND TIME OF LATEST TRANSACTION
control field 20251120150429.0
008 - FIXED-LENGTH DATA ELEMENTS--GENERAL INFORMATION
fixed length control field 251120b |||||||| |||| 00| 0 eng d
020 ## - INTERNATIONAL STANDARD BOOK NUMBER
International Standard Book Number 978-1-4129-2609-6.
040 ## - CATALOGING SOURCE
Original cataloging agency DWCL-Main lib
Transcribing agency OC
082 ## - DEWEY DECIMAL CLASSIFICATION NUMBER
Classification number Circ. 613.0438 H343u 2007
100 ## - MAIN ENTRY--PERSONAL NAME
Personal name Harwood, Jake
245 ## - TITLE STATEMENT
Title Understanding communication and aging :
Remainder of title developing knowledge and awareness
Statement of responsibility, etc. Harwood, Jake
260 ## - PUBLICATION, DISTRIBUTION, ETC.
Place of publication, distribution, etc. California :
Name of publisher, distributor, etc. Sage Publications, Inc.,
Date of publication, distribution, etc. c2007.
300 ## - PHYSICAL DESCRIPTION
Extent xii, 325 pages :
Other physical details illustration ;
Dimensions 23 cm.
504 ## - BIBLIOGRAPHY, ETC. NOTE
Bibliography, etc. note Includes bibliographical references and index.
650 ## - SUBJECT ADDED ENTRY--TOPICAL TERM
Source of heading or term 1. Aging
650 ## - SUBJECT ADDED ENTRY--TOPICAL TERM
Source of heading or term 2. Old age-Social aspects.
650 ## - SUBJECT ADDED ENTRY--TOPICAL TERM
Source of heading or term 3. Older people-Communication.
650 ## - SUBJECT ADDED ENTRY--TOPICAL TERM
Source of heading or term 4. Older people-Health & Hygiene.
942 ## - ADDED ENTRY ELEMENTS (KOHA)
Source of classification or shelving scheme Dewey Decimal Classification
Koha item type Book Circulation
Call number prefix Circ.
Suppress in OPAC No
952 ## - LOCATION AND ITEM INFORMATION (KOHA)
--
Holdings
Withdrawn status Lost status Source of classification or shelving scheme Damaged status Not for loan Home library Current library Shelving location Date acquired Source of acquisition Total Checkouts Full call number Barcode Date last seen Copy number Price effective from Koha item type Uniform Resource Identifier
    Dewey Decimal Classification     HM & Nursing Library HM & Nursing Library Circulation 07/02/2008 School Fund   Circ. 613.0438 H343u 2007 46042 11/20/2025 c1 11/20/2025 BK-CIRC